00768nam a2200217Ia 4500003000400000005001700004008004100021020001800062040001800080041000800098082002500106100002000131245008800151250001200239260006700251300002900318650005300347650006700400650006500467700001800532OSt20250203114640.0210716s2011 xx 000 0 und d a9789350232613 cAIMIT LIBRARY aeng a006.620288 21bSCOM aScott, Marie L. aIBM lotus sametime 8 essentials : buser guide /cBy Marie L Scott and Thomas Duff. a1st ed. aMumbai :bShroff Publishers and Distributors Pvt Ltd ,c2011. av,267,9p. ;bPBc22.8 cm aAt the starting line : know your sametime client aPower chatting : making the most of sametime instant messaging aGoing mobile installing and using the sametime mobile client aDuff, Thomas.